Культурология для бакалавров: учебное пособие

Detaylı Bibliyografya
Yazar: Тресвятский Л. А. Лев Алексеевич
Müşterek Yazar: Национальный исследовательский Томский политехнический университет (ТПУ) Новокузнецкий филиал (НФ) Кафедра социально-гуманитарных дисциплин (СГД)
Özet:Заглавие с титульного экрана
Электронная версия печатной публикации
В пособии рассмотрены основные разделы дисциплины "Культурология". В частности, представлены основные категории и понятия теории культуры; обозначены особенности культурных эпох и стилей. Предназначено для студентов экономических и технических направлений заочной формы обучения. Включенные в данное издание фрагменты учебных текстов, а также контрольно-измерительные материалы призваны повысить эффективность самостоятельной работы студентов.
Режим доступа: из корпоративной сети ТПУ
Dil:Rusça
Baskı/Yayın Bilgisi: Томск, Изд-во ТПУ, 2013
Konular:
Online Erişim:http://www.lib.tpu.ru/fulltext2/m/2014/m075.pdf
Materyal Türü: Elektronik Kitap
KOHA link:https://koha.lib.tpu.ru/cgi-bin/koha/opac-detail.pl?biblionumber=255386

MARC

LEADER 00000nlm0a2200000 4500
001 255386
005 20231101233024.0
035 |a (RuTPU)RU\TPU\book\277892 
090 |a 255386 
100 |a 20140328d2013 m y0rusy50 ca 
101 0 |a rus 
102 |a RU 
105 |a a j 001zy 
135 |a drcn ---uucaa 
181 0 |a i  
182 0 |a b 
200 1 |a Культурология для бакалавров  |b Электронный ресурс  |e учебное пособие  |f Л. А. Тресвятский  |g Национальный исследовательский Томский политехнический университет (ТПУ) 
203 |a Текст  |c электронный 
210 |a Томск  |c Изд-во ТПУ  |d 2013 
230 |a 1 компьютерный файл (pdf; 1.0 MB) 
300 |a Заглавие с титульного экрана 
300 |a Электронная версия печатной публикации 
330 |a В пособии рассмотрены основные разделы дисциплины "Культурология". В частности, представлены основные категории и понятия теории культуры; обозначены особенности культурных эпох и стилей. Предназначено для студентов экономических и технических направлений заочной формы обучения. Включенные в данное издание фрагменты учебных текстов, а также контрольно-измерительные материалы призваны повысить эффективность самостоятельной работы студентов. 
333 |a Режим доступа: из корпоративной сети ТПУ 
337 |a Adobe Reader 
606 1 |a Культурология  |2 stltpush  |3 (RuTPU)RU\TPU\subj\67420  |9 83233 
610 1 |a электронный ресурс 
610 1 |a учебные пособия 
610 1 |a труды учёных ТПУ 
610 1 |a Ветхий завет 
686 |a Ч111я73  |v LBC/SL-A  |2 rubbk 
700 1 |a Тресвятский  |b Л. А.  |c мпециалист в области гуманитарного образования  |c профессор Новокузнецкого филиала Томского политехнического университета  |f 1973-  |g Лев Алексеевич  |2 stltpush  |3 (RuTPU)RU\TPU\pers\28813  |9 13589 
712 0 2 |a Национальный исследовательский Томский политехнический университет (ТПУ)  |b Новокузнецкий филиал (НФ)  |b Кафедра социально-гуманитарных дисциплин (СГД)  |h 1549  |2 stltpush  |3 (RuTPU)RU\TPU\col\18775 
801 1 |a RU  |b 63413507  |c 20140328 
801 2 |a RU  |b 63413507  |c 20160616  |g RCR 
856 4 |u http://www.lib.tpu.ru/fulltext2/m/2014/m075.pdf 
942 |c CF